Cinéma commençant par la lettre G - Statistiques

Statistiques générales
  • Ce quiz a été pris 1 216 fois
  • Le résultat moyen est 5 sur 12
Statistiques - réponses
Hint Réponse % Correct
Anti-héros principal de la saga Moi, moche et méchant Gru
83%
Comédie musicale sorti en 1978, se déroulant dans les années 50 Grease
69%
Influent réalisateur (et zozoteur) de la Nouvelle Vague Jean-Luc Godard
62%
"T'as d'beaux yeux, tu sais..." Jean Gabin
50%
Demi Moore reçoit la visite de son compagnon récemment disparu Ghost
49%
Première mission de Pierce Brosnan en agent secret GoldenEye
46%
Philippe le réalisateur, Louis l'acteur Garrel
45%
A joué Max Rockatansky,et Martin Riggs, entre autres Mel Gibson
29%
Ex-membre des Monty Python, devenu réalisateur excentrique Terry Gilliam
25%
Sous-genre tirant son nom de l'italien, à mi-chemin entre l'horreur et le policier Giallo
18%
Acteur américain, reconnaissable par son menton en fesses d'ange Cary Grant
12%
Pionnier du cinéma, connu pour un film controversé sur la guerre de Sécession D.W. Griffith
11%
Aucun quiz correspondant
Distribution des résultats
% des personnes avec chaque résultat
Percentile par nombre de réponses
Votre historique - résultats
Vous n’avez pas pris ce quiz